000 00586nam a2200181 4500
001 VA33353bis
003 ES-SlBCS
005 20210601153706.0
008 140520s1965 xxu||||| |||| 00| 0 spa d
041 _aspa
100 1 _aChristophe, Paul
_919943
245 1 0 _aDeberes morales de los ricos. El uso cristiano del derecho de propiedad en la escritura y en la tradición patrística
_cPaul Christophe; Juan Huarte
260 _aMadrid :
_bStudium
_c, 1965
300 _a256 p.;
_c19 cm
650 _aPropiedad Privada-Deberes
_9361397
700 1 0 _aHuarte, Juan
_927433
942 _cBK
999 _c794679
_d794679